• 首页
  • 本馆介绍
  • 公告通知
  • 最新文献
  • 馆藏检索
  • 电子资源
  • 读者导购
  • 参考咨询
  • 我的图书馆
  • 登录
  • 详细信息显示
  • 放入我的书架
  • 预约/预借图书
  • 作者相关作品
  • 分类相关作品
  • 丛书相关作品
  • 出版社相关作品

书目信息

  • 表格格式
  • 工作单格式
  • 卡片格式
题名:
汉籍外译史
    
 
作者: 马祖毅 , 任荣珍 著
分册:  
出版信息: 武汉   湖北教育出版社  2003
页数: 727页
开本: 21cm
丛书名: 中华翻译研究丛书
单 册:
中图分类: H159
科图分类:
主题词: 翻译--语言学史--中国 , 翻译 , 语言学史
电子资源:
ISBN: 7-5351-2093-8
000 00903oam2 2200289 450
001 05002401203
005 20051014082300.12
010    @a7-5351-2093-8@b精装@dCNY38.00
100    @a20050111d2003 ekmy0chiy0120 ea
101 0  @achi
102    @aCN@b420000
105    @ay z 000yy
200 1  @a汉籍外译史@9han ji wai yi shi@f马祖毅,任荣珍著@Fma zu yi,ren rong zhen zhu
205    @a2版@b修订本
210    @a武汉@c湖北教育出版社@d2003
215    @a727页@d21cm
225 2  @a中华翻译研究丛书@h第二辑@v3
330    @a本书内容包括绪论,中国哲学、社会科学著作翻译在国外,中国自然科学著作的外译,中国国内外译汉籍概况等。
461  0 @12001 @a中华翻译研究丛书
606 0  @a翻译@x语言学史@y中国
606 0  @a翻译
606 0  @a语言学史
690    @aH159@v4
701  0 @a马祖毅@Ama zu yi@4著
701  0 @a任荣珍@Aren rong zhen@4著
801  0 @aCN@bTSSF@c20051014
905    @a10447@dH159@e293=2
    
    汉籍外译史/马祖毅,任荣珍著.-2版,修订本.-武汉:湖北教育出版社,2003
    727页;21cm.-(中华翻译研究丛书.第二辑;3)
    
    
    ISBN 7-5351-2093-8(精装):CNY38.00
    本书内容包括绪论,中国哲学、社会科学著作翻译在国外,中国自然科学著作的外译,中国国内外译汉籍概况等。
●
相关链接 在E读中查询图书 在五车中查询图书 在当当中查询图书 在豆瓣中查询图书


正题名:汉籍外译史     索取号:H159/293=2         预约/预借

序号 登录号 条形码 馆藏地/架位号 状态 备注
1 0365801   3658018   第二样本阅览室/ [索取号:H159/293=2] 在馆    
2 0365802   3658027   第四借阅区/ [索取号:H159/293=2] 在馆    
3 0365803   3658036   第四借阅区/ [索取号:H159/293=2] 在馆    
4 0365804   3658045   第四借阅区/ [索取号:H159/293=2] 在馆    
5 0365805   3658054   第四借阅区/ [索取号:H159/293=2] 在馆    
唐山师范学院图书馆 欢迎您!
大连网信软件有限公司© 版权所有